La economía pública, social y cooperativa : respuestas innovadoras a problemáticas globales = Public, social and economic : innovate answers to global issues = L'économie publique, sociale et coopérative : réponses innovantes aux enjeux mondiaux.
Guardado en:
| Autor Corporativo: | |
|---|---|
| Formato: | Libro |
| Idioma: | Spanish |
| Publicado: |
Buenos Aires :
Instituto Argentino de Investigaciones de Economía Social (IAIES),
2016.
|
| Materias: | |
| Etiquetas: |
Agregar Etiqueta
Sin Etiquetas, Sea el primero en etiquetar este registro!
|
| LEADER | 01840nam a22002415a 4500 | ||
|---|---|---|---|
| 001 | EAD.ead004094 | ||
| 008 | 170510s2016####ag#######b####100#0#spa#d | ||
| 005 | 20170517121643.0 | ||
| 245 | 1 | 0 | |a La economía pública, social y cooperativa : |b respuestas innovadoras a problemáticas globales = Public, social and economic : innovate answers to global issues = L'économie publique, sociale et coopérative : réponses innovantes aux enjeux mondiaux. |
| 260 | |a Buenos Aires : |b Instituto Argentino de Investigaciones de Economía Social (IAIES), |c 2016. | ||
| 300 | |a 764 p. : |b il., retrs. (algs. col.) ; |c 24 cm. | ||
| 500 | |a "Cuadernos de Economía Social XIV 19 - Edición especial"--Tapa. | ||
| 500 | |a "30 Congreso Internacional CIRIEC, La economía pública social y cooperativa: respuestas innovadoras a problemáticas globales = CIRIEC 30th Intenational Congress, Public, social and cooperative: innovative answers to global issues = 30Congres International du CIRIEC, L'économie publique, sociale et coopérative : réponses innovantes aux enjeux mondiaux"--Portada. | ||
| 500 | |a "...IAIES es la Sección Argentinay primera delegación constituida en América del 'Centro Internacional de Investigaciones e Información sobre la Economía Pública, Social y Cooperativa' (CIRIEC), con sede en la Universidad de Lieja (Bélgica)..."--Anteportada. | ||
| 504 | |a Incluye referencias bibliográficas. | ||
| 546 | |a Español, Inglés, Francés | ||
| 022 | |a 03259757 | ||
| 111 | 2 | |a Congreso Internacional del Centro Internacional de Investigación sobre la Economía Pública, Social y Cooperativa |n (30a. : |d 2014 : |c Buenos Aires) | |
| 082 | 0 | 4 | |a 330.1559 |2 21 |
| 650 | 7 | |a Políticas públicas. |2 unbist | |
| 650 | 7 | |a Economía social. |2 unbist | |
| 650 | 7 | |a Cooperativas |2 unbist | |
| 859 | |a AR-BaBDC |b BIB. ADMINISTRACION - Libros |h 330.1559 |i C76 |p b06765 | ||
